000 00311nam a22001457a 4500
008 210311b ||||| |||| 00| 0 eng d
020 _a9780130353900
041 _aeng
080 _210
_a91
082 _210
_a91
100 _a42
101 _aGJEO
245 _aEarth Science
_cTarbuck,J.E
942 _2udc
_cBK
999 _c56332
_d56332